01239cam a2200301 a 450000100090000000300040000900500170001300800410003001000170007102000290008802000290011702000290014602000290017502000290020402000290023303500230026204000170028505000240030208200120032624500970033824600360043526000710047130000390054250400530058150502440063465000240087870000350090214392341OSt20211227092136.0060526s2006 onca b 001 0 eng  a 2006389086 a155111609X (pbk. : v. 1) a1551116103 (pbk. : v. 2) a1551116111 (pbk. : v. 3) a155111612X (pbk. : v. 4) a1551116138 (pbk. : v. 5) a1551116146 (pbk. : v. 6) a(CaONFJC)ct4937612 aDLCcHUdDLC00aPR1109b.B6747 200600a82022204aThe Broadview anthology of British literature /cgeneral editors, Joseph Black ... [et al.].30aAnthology of British literature aPeterborough, Ont. ;aOrchard Park, NY :bBroadview Press,cc2006. a6 v. :bill. (some col.) ;c24 cm. aIncludes bibliographical references and indexes.0 av. 1. The Medieval period -- v. 2. The Renaissance and the early seventeenth century -- v. 3. The Restoration and the eighteeenth century -- v. 4. The age of Romanticism -- v. 5. The Victorian era -- v. 6. The twentieth century and beyond. 0aEnglish literature.1 aBlack, Joseph Laurence,d1962-